=LDR 00000nam 2200000 4500 =001 INLIS000000000020968 =005 20130612115854 =008 ***********************************Ind** =035 ##$$0010-061300000020968 =041 ##$$a Ind =082 ##$$a 005.369 =090 ##$$a 005.369, Pra p =100 ##$$a Pranata, Antony =245 ##$$a Pemrograman borland delphi, Anton Pranata =260 ##$$a 1997 $b Yogyakarta =300 ##$$a xviii, 536 hlm, ilus, 23 cm =650 ##$$a Borland Delphi =850 ##$$a NBPNMAT